Random processes

Αποθηκεύτηκε σε:
Λεπτομέρειες βιβλιογραφικής εγγραφής
Κύριος συγγραφέας: Rosenblatt, Murray
Μορφή: Βιβλίο
Γλώσσα:English
Δημοσίευση: New York : Springer-Verlag, [1974]
Έκδοση:2nd ed.
Σειρά:Graduate texts in mathematics ; ; 17
Θέματα:
Ετικέτες: Προσθήκη ετικέτας
Δεν υπάρχουν, Καταχωρήστε ετικέτα πρώτοι!

MARC

LEADER 00000cam a2200000 i 4500
001 1/29986
008 941103s1974 eng d
020 |a 0387900853 
035 |l 10038456 
035 |a 1993 
040 |a GR-MY-UA  |b gre  |e aacr 
041 0 |a eng 
082 0 |a 519.2 
100 1 |a Rosenblatt, Murray. 
245 1 0 |a Random processes /  |c [by] M. Rosenblatt 
250 |a 2nd ed. 
260 |a New York :   |b Springer-Verlag,   |c [1974] 
300 |a x, 228 p;  |c 24 cm 
490 1 |a Graduate texts in mathematics  |v ; 17 
504 |a Bibliography: p. 222-226 
650 0 0 |a Stochastic processes. 
830 0 |a Graduate texts in mathematics ;  |v ; 17 
852 |a INST  |b SAMOS  |e 19941103  |h 519.2 ROS  |p 005300007587  |q 005300007587  |t BK  |y 0 
909 |a Σ  |b 029360